[Event "SV Wattenscheid 2 - Klub Kölner SF 1"]
[Site "Oberliga NRW 2013/2014"]
[Date "2014.04.27"]
[Round "9.3"]
[White "Zuse, Peter"]
[Black "Hopman, Pieter"]
[Result "0-1"]
[WhiteElo "2266"]
[BlackElo "2372"]
[PlyCount "166"]
[EventDate "2014.??.??"]
[WhiteTeam "Klub Kölner SF 1"]
[BlackTeam "SV Wattenscheid 2"]

1. e4 d6 2. d4 Nf6 3. Nc3 e5 4. dxe5 dxe5 5. Qxd8+ Kxd8 6. Bg5 Be6 7. Bd3 Bd6
8. O-O-O Nbd7 9. Nf3 h6 10. Bh4 Kc8 11. Nd2 g5 12. Bg3 Nh5 13. Nc4 a6 14. Be2
Nxg3 15. Nxd6+ cxd6 16. hxg3 Kc7 17. Rd2 Rad8 18. Nd1 Nf6 19. Bd3 h5 20. Ne3 h4
21. gxh4 Rxh4 22. Rxh4 gxh4 23. Rd1 Rh8 24. Rh1 Kc6 25. a3 b5 26. Kd2 Kb6 27.
Ke2 Nd7 28. Kf3 Rh6 29. Ke2 a5 30. b4 axb4 31. axb4 Nb8 32. Ra1 Na6 33. c3 Nc7
34. Rh1 Rh8 35. Ra1 Bd7 36. Kd2 h3 37. gxh3 Rxh3 38. Rg1 Ne6 39. Rg3 Rh2 40.
Rg2 Rh1 41. Nd5+ Kb7 42. c4 Ra1 43. Nc3 Ra3 44. cxb5 Nf4 45. Rg8 Nxd3 46. Kxd3
Bxb5+ 47. Kd2 Bc4 48. f4 exf4 49. Rg4 Rb3 50. Rxf4 Rxb4 51. Rf6 Be6 52. Kd3 Kc6
53. Rh6 Rb2 54. Rh5 Rg2 55. Ra5 Rg3+ 56. Kd4 Rg4 57. Kd3 Kb6 58. Rb5+ Kc7 59.
Ra5 Rh4 60. Rg5 Bc8 61. Nd5+ Kb7 62. e5 dxe5 63. Rxe5 Kc6 64. Ke3 Kd6 65. Rg5
Rh3+ 66. Kf2 Bb7 67. Ne3 Ke6 68. Ra5 Be4 69. Nf1 Rc3 70. Ra2 f5 71. Nd2 Bc6 72.
Rb2 f4 73. Ra2 Bd5 74. Rb2 Rg3 75. Rb8 Ke5 76. Rf8 Rg2+ 77. Ke1 Rh2 78. Nf1 Ra2
79. Nd2 Kd4 80. Re8 Kd3 81. Nf1 f3 82. Rf8 Re2+ 83. Kd1 f2 0-1

[Event "SV Wattenscheid 2 - Klub Kölner SF 1"]
[Site "Oberliga NRW 2013/2014"]
[Date "2014.04.27"]
[Round "9.4"]
[White "Kerigan, Demre"]
[Black "Bonnmann, Reinhard"]
[Result "1-0"]
[WhiteElo "2261"]
[BlackElo "2189"]
[Annotator "Doe,John"]
[PlyCount "117"]
[EventDate "2014.??.??"]
[WhiteTeam "SV Wattenscheid 2"]
[BlackTeam "Klub Kölner SF 1"]

1. e4 c5 2. Nf3 Nc6 3. Bb5 g6 4. Bxc6 bxc6 5. O-O Bg7 6. d3 Nf6 7. e5 Nd5 8. c4
Nc7 9. Nc3 Ne6 10. Re1 O-O 11. Be3 d5 12. Na4 d4 13. Bc1 f6 14. exf6 exf6 15.
b3 Re8 16. Ba3 Bf8 17. Nd2 f5 18. Nf3 Bd6 19. Re2 Bd7 $11 20. Qd2 g5 21. Rae1
Bf4 22. Qd1 g4 23. Ne5 Ng5 24. Nxd7 Qxd7 25. Nxc5 Qf7 26. Bc1 Rxe2 27. Rxe2
Bxh2+ 28. Kxh2 Nf3+ 29. gxf3 Qh5+ 30. Kg1 gxf3 31. Re5 Kh8 32. Ne4 Qh3 33. Qf1
Rg8+ 34. Ng5 Qh4 35. Rxf5 Qg4+ 36. Kh2 Qxf5 37. Qh3 Qxh3+ 38. Kxh3 Re8 39. Bd2
Kg7 40. Kg3 Kg6 41. Kxf3 h5 42. Kg3 Rg8 43. b4 h4+ 44. Kxh4 Rh8+ 45. Kg4 Rh1
46. f4 Rg1+ 47. Kf3 Rd1 48. Ke2 Ra1 49. Nf3 Rxa2 50. Ne5+ Kf5 51. Nxc6 a6 52.
Nxd4+ Kf6 53. c5 Ra1 54. Ke3 Ke7 55. f5 Kd7 56. Ke4 Ra2 57. Bf4 a5 58. c6+ Kc8
59. f6 1-0

[Event "SV Wattenscheid 2 - Klub Kölner SF 1"]
[Site "Oberliga NRW 2013/2014"]
[Date "2014.04.27"]
[Round "9.5"]
[White "Wisskirchen, Andreas"]
[Black "Franke, Johannes"]
[Result "1-0"]
[WhiteElo "2187"]
[BlackElo "2291"]
[PlyCount "51"]
[EventDate "2014.??.??"]
[WhiteTeam "Klub Kölner SF 1"]
[BlackTeam "SV Wattenscheid 2"]

1. Nf3 Nf6 2. d4 g6 3. g3 Bg7 4. Bg2 O-O 5. O-O d5 6. c4 c6 7. cxd5 cxd5 8. Ne5
Nc6 9. Nc3 Nxe5 10. dxe5 Ng4 11. Nxd5 e6 12. Nf6+ Nxf6 13. Qxd8 Rxd8 14. Bg5
Bd7 15. Bxf6 Bxf6 16. exf6 Bc6 17. Bxc6 bxc6 18. Rac1 Rd6 19. Rfd1 Rad8 20.
Rxd6 Rxd6 21. f4 Kf8 22. e4 e5 23. fxe5 Re6 24. Rc5 Ke8 25. Ra5 h6 26. Kf2 1-0

[Event "SV Wattenscheid 2 - Klub Kölner SF 1"]
[Site "Oberliga NRW 2013/2014"]
[Date "2014.04.27"]
[Round "9.6"]
[White "Hirsch, Stefan"]
[Black "Meertens, Martin"]
[Result "1-0"]
[WhiteElo "2210"]
[BlackElo "2133"]
[PlyCount "133"]
[EventDate "2014.??.??"]
[WhiteTeam "SV Wattenscheid 2"]
[BlackTeam "Klub Kölner SF 1"]

1. e4 c5 2. Nf3 e6 3. b3 Nc6 4. Bb2 a6 5. Be2 d6 6. O-O Nf6 7. e5 dxe5 8. Nxe5
Nd4 9. Re1 Bd6 10. Nc4 Bc7 11. Bf1 O-O 12. g3 e5 13. Bg2 e4 14. Bxe4 Nxe4 15.
Rxe4 Bf5 16. d3 Bxe4 17. dxe4 Qf6 18. c3 Nf3+ 19. Kg2 Ng5 20. Qg4 h5 21. Qe2
Qe6 22. Nbd2 Qh3+ 23. Kg1 Rfe8 24. f4 Nxe4 25. Nxe4 f5 26. Ncd6 fxe4 27. Nxe8
Rxe8 28. Re1 Qf5 29. c4 h4 30. Rd1 hxg3 31. hxg3 Rd8 32. Rxd8+ Bxd8 33. Be5 Qh3
34. Qg2 Qh7 35. Kf2 Bf6 36. Ke3 Bxe5 37. fxe5 Qh6+ 38. Ke2 Qg6 39. Ke3 Qh6+ 40.
Ke2 Qg6 41. Qh3 Qg5 42. Qe6+ Kh7 43. g4 g6 44. Qd7+ Kh6 45. Qc8 Kg7 46. Qxb7+
Kf8 47. Qxe4 Qc1 48. Qxg6 Qb2+ 49. Kf3 Qxa2 50. Qb6 Kf7 51. g5 Qh2 52. Qf6+ Ke8
53. Qe6+ Kd8 54. Qd6+ Ke8 55. Qb8+ Ke7 56. Qc7+ Ke8 57. Ke4 Qg2+ 58. Kf5 Qh3+
59. Kf6 Qf3+ 60. Kg6 Qxb3 61. Qf7+ Kd8 62. Qf8+ Kd7 63. Qd6+ Ke8 64. e6 Qb7 65.
Qd7+ Qxd7 66. exd7+ Kxd7 67. Kf7 1-0

[Event "SV Wattenscheid 2 - Klub Kölner SF 1"]
[Site "Oberliga NRW 2013/2014"]
[Date "2014.04.27"]
[Round "9.7"]
[White "Ludwig, Peter"]
[Black "De Weerd, Warner"]
[Result "0-1"]
[WhiteElo "2165"]
[BlackElo "2162"]
[PlyCount "56"]
[EventDate "2014.??.??"]
[WhiteTeam "Klub Kölner SF 1"]
[BlackTeam "SV Wattenscheid 2"]

1. Nf3 d6 2. c4 e5 3. Nc3 f5 4. d4 e4 5. Nd2 Nf6 6. e3 c6 7. Be2 Na6 8. O-O Nc7
9. d5 c5 10. f3 exf3 11. Nxf3 Be7 12. Bd3 O-O 13. Qc2 b5 14. cxb5 Kh8 15. Bc4
Bb7 16. e4 fxe4 17. Ng5 Nfxd5 18. Rxf8+ Qxf8 19. Nxd5 Nxd5 20. Qxe4 Bxg5 21.
Bxg5 Re8 22. Qh4 Qf5 23. Rf1 Qg6 24. Qf2 h6 25. Bc1 Nf6 26. Bb3 Be4 27. Bf4 d5
28. Qxc5 Qxg2# 0-1

[Event "SV Wattenscheid 2 - Klub Kölner SF 1"]
[Site "Oberliga NRW 2013/2014"]
[Date "2014.04.27"]
[Round "9.8"]
[White "Griebl, Joern"]
[Black "Walter, Kurt"]
[Result "1-0"]
[WhiteElo "2258"]
[BlackElo "2066"]
[PlyCount "83"]
[EventDate "2014.??.??"]
[WhiteTeam "SV Wattenscheid 2"]
[BlackTeam "Klub Kölner SF 1"]

1. d4 Nf6 2. c4 e6 3. Nf3 b6 4. Bg5 Bb7 5. e3 Be7 6. Nc3 O-O 7. Bd3 d5 8. cxd5
exd5 9. Bxf6 Bxf6 10. b4 c5 11. bxc5 bxc5 12. Bxh7+ Kxh7 13. Qb1+ Kg8 14. Qxb7
Qa5 15. O-O Nd7 16. Nxd5 Rad8 17. Nxf6+ Nxf6 18. Ne5 Rb8 19. Qf3 Qb5 20. Nc6
Rb7 21. dxc5 Qxc5 22. Rac1 Qa3 23. Rc2 Re8 24. h4 Rb2 25. Qe2 Rxc2 26. Qxc2 Qd6
27. Rd1 Qc7 28. Rd4 Re6 29. Rc4 Qb6 30. Nd4 Re8 31. Rc8 Rxc8 32. Qxc8+ Kh7 33.
Qf5+ Kg8 34. h5 a5 35. a4 Qb4 36. Qc8+ Kh7 37. Qc2+ Kg8 38. Nf3 Ne4 39. g3 Nf6
40. Qc8+ Kh7 41. Ng5+ Kh6 42. Nxf7+ 1-0

[Event "SV Erkenschwick 1 - SK Turm Emsdetten 2"]
[Site "Oberliga NRW 2013/2014"]
[Date "2014.04.27"]
[Round "9.1"]
[White "Kabatianski, Alexander"]
[Black "Van Beek, Alexander"]
[Result "0-1"]
[WhiteElo "2422"]
[BlackElo "2342"]
[PlyCount "84"]
[EventDate "2014.??.??"]
[WhiteTeam "SK Turm Emsdetten 2"]
[BlackTeam "SV Erkenschwick 1"]

1. d4 d5 2. c4 c6 3. Nf3 Nf6 4. Qc2 dxc4 5. Qxc4 Bf5 6. g3 Nbd7 7. Bg2 e6 8.
O-O Be7 9. e3 O-O 10. Rd1 Qc7 11. Nc3 Nd5 12. Qe2 Nxc3 13. bxc3 Be4 14. Bf1 c5
15. Ne1 Rac8 16. f3 Bc6 17. Nd3 e5 18. Bb2 Bf6 19. Nf2 exd4 20. cxd4 Rfe8 21.
e4 cxd4 22. Ng4 Be7 23. Bxd4 Ba4 24. Rdc1 Qxc1 25. Rxc1 Rxc1 26. Qb2 Rec8 27.
Qxb7 R8c7 28. Qd5 Bd1 29. e5 Nf8 30. Kg2 Rd7 31. Qe4 Bxf3+ 32. Kxf3 Rxf1+ 33.
Bf2 Rd2 34. Qc4 Ra1 35. Bxa7 Raxa2 36. Be3 Rdc2 37. Qb3 Rab2 38. Qd3 Bc5 39.
Bf4 Ne6 40. h4 Bb4 41. Be3 Bc5 42. Bf4 Rb3 0-1

[Event "SV Erkenschwick 1 - SK Turm Emsdetten 2"]
[Site "Oberliga NRW 2013/2014"]
[Date "2014.04.27"]
[Round "9.2"]
[White "Erwich, Frank"]
[Black "Fiebig, Thomas"]
[Result "1/2-1/2"]
[WhiteElo "2262"]
[BlackElo "2392"]
[PlyCount "44"]
[EventDate "2014.??.??"]
[WhiteTeam "SV Erkenschwick 1"]
[BlackTeam "SK Turm Emsdetten 2"]

1. c4 e6 2. Nc3 d5 3. cxd5 exd5 4. d4 c6 5. Qc2 g6 6. Bf4 Bf5 7. Qd2 Bg7 8. f3
Ne7 9. g4 Be6 10. e3 h5 11. g5 Nf5 12. Bd3 Nd7 13. Nge2 a6 14. Bc2 Nb6 15. b3
Nh4 16. Kf2 O-O 17. Rhg1 f6 18. gxf6 Qxf6 19. Rg3 Nf5 20. Rg5 Nh4 21. Rg3 Nf5
22. Rg5 Nh4 1/2-1/2

[Event "SV Erkenschwick 1 - SK Turm Emsdetten 2"]
[Site "Oberliga NRW 2013/2014"]
[Date "2014.04.27"]
[Round "9.3"]
[White "Rijnaarts, Sjef"]
[Black "Krings, Christoph"]
[Result "1-0"]
[WhiteElo "2390"]
[BlackElo "2105"]
[PlyCount "113"]
[EventDate "2014.??.??"]
[WhiteTeam "SK Turm Emsdetten 2"]
[BlackTeam "SV Erkenschwick 1"]

1. e4 e6 2. d4 d5 3. Nc3 Nf6 4. e5 Nfd7 5. f4 c5 6. Nf3 Nc6 7. Be3 cxd4 8. Nxd4
Nxd4 9. Bxd4 Bc5 10. Qd2 a6 11. O-O-O Qc7 12. h4 b5 13. Rh3 b4 14. Na4 Bxd4 15.
Qxd4 a5 16. Rg3 O-O 17. h5 Ba6 18. h6 g6 19. Kb1 Rfc8 20. c3 Bxf1 21. Rxf1 Qc6
22. b3 Nc5 23. Nxc5 Qxc5 24. Qxc5 Rxc5 25. cxb4 axb4 26. Rd3 Kf8 27. Rd4 Rb8
28. g4 Ke7 29. Kb2 Rb6 30. Ra1 Kd7 31. a3 bxa3+ 32. Rxa3 Rbc6 33. Ra7+ Rc7 34.
Rda4 Rxa7 35. Rxa7+ Rc7 36. Ra5 Kd8 37. g5 Kd7 38. Ka3 Kd8 39. Ka4 Rc3 40. Ra8+
Rc8 41. Ra6 Rc3 42. Kb4 Rc7 43. Kb5 Rb7+ 44. Kc6 Rxb3 45. Kd6 Rb8 46. f5 exf5
47. e6 fxe6 48. Ra7 Rb6+ 49. Ke5 Rb4 50. Rxh7 Re4+ 51. Kd6 Ke8 52. Ra7 Kf8 53.
h7 Rh4 54. Kxe6 f4 55. Kf6 Ke8 56. Kxg6 f3 57. Rf7 1-0

[Event "SV Erkenschwick 1 - SK Turm Emsdetten 2"]
[Site "Oberliga NRW 2013/2014"]
[Date "2014.04.27"]
[Round "9.4"]
[White "Eggenstein, Frank"]
[Black "Bosman, Michiel"]
[Result "0-1"]
[WhiteElo "1921"]
[BlackElo "2292"]
[PlyCount "48"]
[EventDate "2014.??.??"]
[WhiteTeam "SV Erkenschwick 1"]
[BlackTeam "SK Turm Emsdetten 2"]

1. e4 e6 2. d4 d5 3. e5 c5 4. c3 Nc6 5. Nf3 Bd7 6. a3 Nge7 7. b4 cxd4 8. cxd4
Nf5 9. Be3 b5 10. Bd3 Nxe3 11. fxe3 a5 12. bxa5 Qxa5+ 13. Nfd2 Nb4 14. axb4
Qxa1 15. O-O Bxb4 16. Qh5 g6 17. Qe2 O-O 18. Bxb5 Bxb5 19. Qxb5 Bxd2 20. Nxd2
Qc3 21. Nf3 Qxe3+ 22. Kh1 Rac8 23. Qb1 Rc4 24. h3 Rfc8 0-1

[Event "SV Erkenschwick 1 - SK Turm Emsdetten 2"]
[Site "Oberliga NRW 2013/2014"]
[Date "2014.04.27"]
[Round "9.5"]
[White "Van Foreest, Jorden"]
[Black "Strozewski, Frank"]
[Result "1-0"]
[WhiteElo "2364"]
[BlackElo "1976"]
[PlyCount "55"]
[EventDate "2014.??.??"]
[WhiteTeam "SK Turm Emsdetten 2"]
[BlackTeam "SV Erkenschwick 1"]

1. e4 d6 2. d4 g6 3. c3 Bg7 4. Nf3 Bg4 5. h3 Bd7 6. Nbd2 Nc6 7. Bc4 Na5 8. Bd3
b6 9. O-O e6 10. Re1 Ne7 11. Nf1 O-O 12. e5 Bc6 13. N1h2 Qc8 14. Ng4 Qb7 15.
Nf6+ Kh8 16. Ng5 dxe5 17. Ngxh7 Rfd8 18. Qg4 Nf5 19. Bxf5 exf5 20. Ng5 Bh6 21.
Qh4 Kg7 22. Ne6+ fxe6 23. Qxh6+ Kxf6 24. Bg5+ Kf7 25. Qh7+ Kf8 26. Qe7+ Kg8 27.
Qxe6+ Kg7 28. Qf6+ 1-0

[Event "SV Erkenschwick 1 - SK Turm Emsdetten 2"]
[Site "Oberliga NRW 2013/2014"]
[Date "2014.04.27"]
[Round "9.6"]
[White "Schulze Bisping, Franz-Adolf"]
[Black "Rietman, Frits"]
[Result "0-1"]
[WhiteElo "1865"]
[BlackElo "2259"]
[PlyCount "72"]
[EventDate "2014.??.??"]
[WhiteTeam "SV Erkenschwick 1"]
[BlackTeam "SK Turm Emsdetten 2"]

1. d4 Nf6 2. c4 e6 3. Nc3 Bb4 4. f3 d5 5. a3 Bxc3+ 6. bxc3 c5 7. cxd5 Nxd5 8.
Qd3 cxd4 9. cxd4 Nc6 10. e4 Nde7 11. Be3 O-O 12. Ne2 f5 13. Rd1 fxe4 14. fxe4
Ng6 15. g3 Qa5+ 16. Rd2 Bd7 17. Bg2 Rac8 18. Qc3 Qa6 19. Qd3 Qa4 20. Rb2 b6 21.
Nf4 Nxf4 22. gxf4 Na5 23. O-O Nc4 24. Rb3 Nd6 25. Rfb1 Qc4 26. Bf1 Qxd3 27.
Bxd3 Ba4 28. Rb4 Bc2 29. Bxc2 Rxc2 30. d5 exd5 31. exd5 Re8 32. Bd4 Ree2 33.
Be5 Nf5 34. R4b2 Rg2+ 35. Kh1 Rxh2+ 36. Kg1 Rhg2+ 0-1

[Event "SV Erkenschwick 1 - SK Turm Emsdetten 2"]
[Site "Oberliga NRW 2013/2014"]
[Date "2014.04.27"]
[Round "9.7"]
[White "Topp, Michael"]
[Black "Broszeit, Peter"]
[Result "1-0"]
[WhiteElo "1978"]
[BlackElo "1815"]
[PlyCount "55"]
[EventDate "2014.??.??"]
[WhiteTeam "SK Turm Emsdetten 2"]
[BlackTeam "SV Erkenschwick 1"]

1. c4 c5 2. g3 Nc6 3. Bg2 e6 4. Nf3 Nf6 5. O-O Be7 6. b3 O-O 7. Bb2 Qc7 8. Nc3
a6 9. Rc1 b6 10. d4 cxd4 11. Nxd4 Bb7 12. Nd5 Qd8 13. Nxe7+ Qxe7 14. e4 Rfd8
15. e5 Ne8 16. Qh5 Rab8 17. Nf3 f5 18. Rcd1 Na5 19. Ng5 h6 20. Bxb7 Nxb7 21.
Nh3 Qf7 22. Qe2 Nc5 23. Nf4 g5 24. Nd3 d6 25. exd6 Nd7 26. Ne5 Nxe5 27. Qxe5
Ng7 28. Rfe1 1-0

[Event "SV Erkenschwick 1 - SK Turm Emsdetten 2"]
[Site "Oberliga NRW 2013/2014"]
[Date "2014.04.27"]
[Round "9.8"]
[White "Strohmann, Marcel"]
[Black "Visschedijk, Theo"]
[Result "1/2-1/2"]
[WhiteElo "1906"]
[BlackElo "1841"]
[PlyCount "68"]
[EventDate "2014.??.??"]
[WhiteTeam "SV Erkenschwick 1"]
[BlackTeam "SK Turm Emsdetten 2"]

1. e4 e5 2. Nf3 Nc6 3. d4 exd4 4. Nxd4 Bc5 5. Nb3 Bb6 6. Nc3 Qf6 7. Qe2 Nge7 8.
Be3 Bxe3 9. Qxe3 a6 10. O-O-O O-O 11. f4 d6 12. Be2 b5 13. Bf3 Rb8 14. g4 Bb7
15. Rhe1 Rfe8 16. e5 dxe5 17. fxe5 Qe6 18. Nc5 Qc8 19. Qf2 Nd8 20. Bxb7 Nxb7
21. Nxa6 Ra8 22. Nc5 b4 23. Nd5 Nxd5 24. Rxd5 Rxa2 25. Nxb7 Qxb7 26. Rd7 Rf8
27. Rf1 Ra1+ 28. Kd2 Rxf1 29. Qxf1 Qc6 30. Rd4 Qb6 31. Qf4 c5 32. Rd6 Qb7 33.
Qc4 Qg2+ 34. Qe2 Qb7 1/2-1/2

[Event "Oberhausener SV 1 - SK Königsspringer I"]
[Site "NRW-Klasse, Gruppe 1 2013/201"]
[Date "2013.09.15"]
[Round "1.1"]
[White "Scheider, Julian"]
[Black "Becker, Marcel"]
[Result "1-0"]
[WhiteElo "2248"]
[BlackElo "2345"]
[PlyCount "63"]
[EventDate "2013.??.??"]
[WhiteTeam "SK Königsspringer Iserlohn 1"]
[BlackTeam "Oberhausener SV 1"]

1. e4 c6 2. d4 d5 3. exd5 cxd5 4. c4 Nf6 5. Nc3 Nc6 6. Nf3 g6 7. Bg5 Be6 8.
Bxf6 exf6 9. c5 Bg7 10. Bb5 O-O 11. O-O Bg4 12. Bxc6 bxc6 13. h3 Bf5 14. Qa4
Qd7 15. Rfe1 Rab8 16. Re2 Rfc8 17. Rae1 Bf8 18. Qd1 Qb7 19. Qd2 Qa6 20. Qf4 Kg7
21. g4 Bd3 22. Re3 Rxb2 23. g5 fxg5 24. Nxg5 Bf5 25. Qh4 h6 26. Nxf7 h5 27. Nd6
Bxd6 28. Re7+ Kh6 29. cxd6 g5 30. Qg3 Rg8 31. d7 Qa3 32. Re8 1-0

[Event "Oberhausener SV 1 - SK Königsspringer I"]
[Site "NRW-Klasse, Gruppe 1 2013/201"]
[Date "2013.09.15"]
[Round "1.2"]
[White "Kaufeld, Juergen"]
[Black "Schmuecker, Marcus"]
[Result "1/2-1/2"]
[WhiteElo "2298"]
[BlackElo "2188"]
[Annotator "Doe,John"]
[PlyCount "112"]
[EventDate "2013.??.??"]
[WhiteTeam "Oberhausener SV 1"]
[BlackTeam "SK Königsspringer Iserlohn 1"]

1. e4 e6 2. d4 d5 3. Nd2 Nf6 4. e5 Nfd7 5. Bd3 c5 6. c3 Nc6 7. Ngf3 cxd4 8.
cxd4 f6 9. exf6 Nxf6 10. O-O Bd6 11. Re1 O-O 12. Nf1 Qc7 13. Bg5 Qf7 14. Bh4 h6
15. Rc1 Nh5 16. Bb1 Bd7 17. Qd3 g5 18. Bg3 Nf4 19. Bxf4 Bxf4 20. Rc3 Qg7 21.
Ng3 Bxg3 22. hxg3 Rac8 23. a3 a6 24. b4 Rxf3 25. gxf3 Nxd4 26. Rxc8+ Bxc8 27.
Rc1 Nc6 28. Kg2 Bd7 $11 29. Rc5 Ne5 30. Qd4 Bc6 31. Rc3 Nc4 32. Qxg7+ Kxg7 33.
Kg1 Nd2 34. Ba2 d4 35. Rxc6 bxc6 36. Bxe6 Nxf3+ 37. Kf1 Nd2+ 38. Ke2 Nb1 39. a4
Kf6 40. Bd7 Nc3+ 41. Kd3 Ke5 42. Bxc6 h5 43. f4+ gxf4 44. gxf4+ Kd6 45. Bb7 Nd5
46. Kxd4 Nxb4 47. Kc4 a5 48. Bf3 h4 49. Kb5 Nd5 50. f5 h3 51. Kxa5 Nc3 52. Kb4
Nxa4 53. Kxa4 Ke5 54. Bg4 h2 55. Bf3 h1=B 56. f6 Kxf6 1/2-1/2

[Event "Oberhausener SV 1 - SK Königsspringer I"]
[Site "NRW-Klasse, Gruppe 1 2013/201"]
[Date "2013.09.15"]
[Round "1.3"]
[White "Eckardt, Joshua"]
[Black "Litwak, Aleksej"]
[Result "1/2-1/2"]
[WhiteElo "2046"]
[BlackElo "2189"]
[PlyCount "35"]
[EventDate "2013.??.??"]
[WhiteTeam "SK Königsspringer Iserlohn 1"]
[BlackTeam "Oberhausener SV 1"]

1. d4 Nf6 2. c4 e6 3. g3 d5 4. Nf3 Be7 5. Bg2 O-O 6. O-O c6 7. Qc2 Nbd7 8. Nbd2
b6 9. e4 Bb7 10. e5 Ne8 11. cxd5 exd5 12. Rd1 Nc7 13. Nf1 Ne6 14. Ne3 Rc8 15.
Nf5 Re8 16. h4 c5 17. Qe2 Qc7 18. Bf4 1/2-1/2

[Event "Oberhausener SV 1 - SK Königsspringer I"]
[Site "NRW-Klasse, Gruppe 1 2013/201"]
[Date "2013.09.15"]
[Round "1.4"]
[White "Ciornei, Dragos"]
[Black "Franke, Thomas"]
[Result "1/2-1/2"]
[WhiteElo "2106"]
[BlackElo "2055"]
[Annotator "Doe,John"]
[PlyCount "47"]
[EventDate "2013.??.??"]
[WhiteTeam "Oberhausener SV 1"]
[BlackTeam "SK Königsspringer Iserlohn 1"]

1. e4 e6 2. d4 d5 3. Nd2 Nf6 4. e5 Nfd7 5. Bd3 c5 6. c3 Nc6 7. Ne2 cxd4 8. cxd4
f6 9. exf6 Nxf6 10. Nf3 Bd6 11. O-O Qc7 12. Nc3 a6 13. Be3 O-O 14. Rc1 Bd7 15.
a3 Be8 16. Ng5 Bf7 17. f4 h6 18. Nxf7 Qxf7 19. Na4 Ne7 $11 20. Nc5 Nf5 21. Bxf5
exf5 22. Nd3 Qe8 23. Ne5 Qb5 24. Qd3 1/2-1/2

[Event "Oberhausener SV 1 - SK Königsspringer I"]
[Site "NRW-Klasse, Gruppe 1 2013/201"]
[Date "2013.09.15"]
[Round "1.5"]
[White "Messarius, Juergen"]
[Black "Nissen, Claus"]
[Result "1/2-1/2"]
[WhiteElo "2172"]
[BlackElo "2133"]
[PlyCount "84"]
[EventDate "2013.??.??"]
[WhiteTeam "SK Königsspringer Iserlohn 1"]
[BlackTeam "Oberhausener SV 1"]

1. e4 e6 2. d4 d5 3. Nc3 Bb4 4. e5 c5 5. a3 Bxc3+ 6. bxc3 Qc7 7. Qg4 Ne7 8.
Qxg7 Rg8 9. Qxh7 cxd4 10. Ne2 dxc3 11. f4 Nbc6 12. Qd3 d4 13. Nxd4 Nxd4 14.
Qxd4 Bd7 15. Rb1 Nf5 16. Qf2 Qc6 17. Rb4 Qd5 18. Rc4 Bb5 19. Rxc3 Bxf1 20. Kxf1
Qd1+ 21. Qe1 Rd8 22. Kf2 Qd4+ 23. Kf1 Qd1 24. Rg1 Qg4 25. Rd3 Rxd3 26. cxd3 Rh8
27. h3 Ng3+ 28. Kf2 Qh4 29. Ke3 Nf5+ 30. Ke2 Nd4+ 31. Kf1 Qd8 32. Qc3 Nf5 33.
a4 Kf8 34. g4 Nd4 35. Ba3+ Kg7 36. Bd6 Qb6 37. Rg3 Qb1+ 38. Qe1 Qa2 39. f5 Rc8
40. f6+ Kg8 41. Rg2 Qxa4 42. Rf2 Qc6 1/2-1/2

[Event "Oberhausener SV 1 - SK Königsspringer I"]
[Site "NRW-Klasse, Gruppe 1 2013/201"]
[Date "2013.09.15"]
[Round "1.6"]
[White "Soehnchen, Andreas"]
[Black "Klauke, Stefan"]
[Result "0-1"]
[WhiteElo "2133"]
[BlackElo "2059"]
[PlyCount "80"]
[EventDate "2013.??.??"]
[WhiteTeam "Oberhausener SV 1"]
[BlackTeam "SK Königsspringer Iserlohn 1"]

1. d4 d5 2. c4 Nc6 3. Nc3 Nf6 4. cxd5 Nxd5 5. Nf3 Bg4 6. e4 Nxc3 7. bxc3 e5 8.
d5 Bxf3 9. Qxf3 Nb8 10. Qg3 Nd7 11. Bb5 Qf6 12. Bxd7+ Kxd7 13. O-O Bc5 14. Kh1
h6 15. Rb1 b6 16. f4 g5 17. f5 Rag8 18. Qd3 a5 19. Bb2 g4 20. Qg3 h5 21. c4 Re8
22. Rbd1 Rhg8 23. Qb3 Kc8 24. Bc3 Qh4 25. Be1 g3 26. Bxg3 Qxe4 27. Rde1 Qg4 28.
Qc2 f6 29. Re4 Qg7 30. Rf3 Qd7 31. Bh4 Ref8 32. Qe2 Rg7 33. Qf1 Qf7 34. Rg3
Rfg8 35. Rxg7 Qxg7 36. Qf3 Qh6 37. h3 Qc1+ 38. Re1 Qxc4 39. Bxf6 Bd6 40. Bh4
Qxh4 0-1

[Event "Oberhausener SV 1 - SK Königsspringer I"]
[Site "NRW-Klasse, Gruppe 1 2013/201"]
[Date "2013.09.15"]
[Round "1.7"]
[White "Kramps, Rene"]
[Black "Voge, Andreas"]
[Result "1/2-1/2"]
[WhiteElo "2037"]
[BlackElo "2078"]
[PlyCount "41"]
[EventDate "2013.??.??"]
[WhiteTeam "SK Königsspringer Iserlohn 1"]
[BlackTeam "Oberhausener SV 1"]

1. Nf3 d5 2. g3 Nf6 3. Bg2 e6 4. O-O Bd6 5. d3 O-O 6. c4 c6 7. b3 Nbd7 8. Bb2
b6 9. Nbd2 Qe7 10. a3 Bb7 11. Ra2 c5 12. e3 Rfd8 13. Qa1 dxc4 14. Nxc4 Bc7 15.
Rd1 b5 16. Nce5 Nxe5 17. Nxe5 Bxg2 18. Kxg2 Bxe5 19. Bxe5 Rd5 20. b4 Rad8 21.
Bxf6 1/2-1/2

[Event "Oberhausener SV 1 - SK Königsspringer I"]
[Site "NRW-Klasse, Gruppe 1 2013/201"]
[Date "2013.09.15"]
[Round "1.8"]
[White "Labuda, Markus"]
[Black "Schwanbeck, Christoph"]
[Result "0-1"]
[WhiteElo "1946"]
[BlackElo "2015"]
[PlyCount "94"]
[EventDate "2013.??.??"]
[WhiteTeam "Oberhausener SV 1"]
[BlackTeam "SK Königsspringer Iserlohn 1"]

1. d4 Nf6 2. Bf4 d6 3. e3 Nbd7 4. Nf3 e6 5. h3 Be7 6. Be2 b6 7. O-O O-O 8. Nbd2
Bb7 9. c3 Re8 10. a4 a5 11. Nc4 Ne4 12. Qc2 f5 13. Na3 Bf6 14. Rfd1 Kh8 15. Nc4
Bh4 16. Nxh4 Qxh4 17. Bf3 Ndf6 18. Bg3 Qh6 19. Nd2 g5 20. Nxe4 Nxe4 21. Bxe4
Bxe4 22. Qe2 Rg8 23. c4 Raf8 24. f3 Bb7 25. c5 bxc5 26. dxc5 e5 27. cxd6 cxd6
28. Qb5 g4 29. Rxd6 Qxe3+ 30. Bf2 Qf4 31. Qxb7 gxf3 32. Qd5 Rxg2+ 33. Kf1 Rfg8
34. Rd8 Rxf2+ 35. Kxf2 Qh4+ 36. Kxf3 e4+ 37. Ke3 Qg5+ 38. Kf2 Qxd8 39. Qxd8
Rxd8 40. Ke3 Kg7 41. Kf4 Kf6 42. Rc1 Ke6 43. Rc6+ Kd5 44. Rc2 Re8 45. Rd2+ Kc4
46. Ke3 f4+ 47. Kxf4 e3 0-1

[Event "PSV Duisburg 1 - Elberfelder SG 1"]
[Site "NRW-Klasse, Gruppe 1 2013/201"]
[Date "2013.09.15"]
[Round "1.1"]
[White "Odendahl, Reiner"]
[Black "Fleck, Juergen"]
[Result "1/2-1/2"]
[WhiteElo "2252"]
[BlackElo "2325"]
[PlyCount "51"]
[EventDate "2013.??.??"]
[WhiteTeam "Elberfelder SG 1"]
[BlackTeam "PSV Duisburg 1"]

1. Nf3 d5 2. g3 Bg4 3. Bg2 c6 4. O-O Nd7 5. d3 Ngf6 6. c4 e6 7. cxd5 exd5 8.
Nc3 Be7 9. Qc2 Nc5 10. e4 dxe4 11. dxe4 Qd3 12. Ne1 Qxc2 13. Nxc2 O-O 14. Be3
Rfe8 15. f3 Be6 16. Rfd1 Rad8 17. Nd4 Bc4 18. Bf1 Bxf1 19. Kxf1 Na6 20. Nf5 Bc5
21. Bg5 Nb4 22. a3 Nc2 23. Rxd8 Rxd8 24. Rc1 Nd4 25. Rd1 Bb6 26. Bxf6 1/2-1/2

[Event "PSV Duisburg 1 - Elberfelder SG 1"]
[Site "NRW-Klasse, Gruppe 1 2013/201"]
[Date "2013.09.15"]
[Round "1.2"]
[White "Schiffer, Kai-Uwe"]
[Black "Mantler, Hendrik"]
[Result "1/2-1/2"]
[WhiteElo "2219"]
[BlackElo "2180"]
[PlyCount "86"]
[EventDate "2013.??.??"]
[WhiteTeam "PSV Duisburg 1"]
[BlackTeam "Elberfelder SG 1"]

1. e4 e5 2. Nf3 Nc6 3. Bc4 Nf6 4. d3 Bc5 5. c3 O-O 6. Bb3 h6 7. Nbd2 d6 8. h3
Nh5 9. g3 Qf6 10. Qe2 Be6 11. Nc4 d5 12. Ne3 dxe4 13. dxe4 Bxe3 14. Bxe3 Bxb3
15. axb3 Rfd8 16. Nd2 Qg6 17. Qg4 Nf6 18. Qxg6 fxg6 19. f3 a6 20. Ke2 Rd7 21.
b4 Re8 22. Nb3 Nd8 23. Nc5 Rd6 24. Rhd1 Kf7 25. g4 g5 26. Rd3 Rxd3 27. Kxd3 Ke7
28. Kc4 Nd7 29. Rd1 Nxc5 30. Bxc5+ Ke6 31. b5 axb5+ 32. Kxb5 Nc6 33. Ra1 Rd8
34. Kc4 b6 35. Be3 Rf8 36. Rf1 Ra8 37. Kd3 Ne7 38. Bf2 Ng6 39. Bg3 Ra2 40. Kc2
Ra8 41. Rd1 Rf8 42. Rd3 Ra8 43. Kb1 Rf8 1/2-1/2